000 00455ntaaa2200181 4500
003 01
005 20251027202739.0
008 0714s1973 ag 01
040 _aAR-BaBN
_bspa
_cAR-BaBN
_eaacr
_dRIC
082 _a745.5100 L61c
100 _aLidstone, John
245 _aConstrucciones con madera balsa
250 _a1 ed.
260 _aBuenos Aires :
_bEditorial Kapelusz,
_cc1973
300 _a88 p
650 _atrabajos manuales
_917557
942 _cBK
999 _c22719
_d22719